000 00623nam a2200205 i 4500
001 45026
003 ES-MaACL
005 20230906161134.0
007 t|
008 030325s1972 sp ||||1| spa d
100 1 _aClausse, Arnould.
_939102
245 1 0 _aHacia una pedagogía racional /
_cArnould Clausse ; [traducción por José de Lucas].
260 _aMadrid :
_bMarova,
_c[1972]
300 _a202 p. ;
_c18 cm.
490 1 _aBiblioteca del Ecuador ;
_v1
700 1 _aLucas, José de.
_974532
830 0 _aBiblioteca del Ecuador ;
_v1
_9184346
852 _aES-MaACL
_jC-46524
_bR.82143
999 _c45026
_d45026